000 01088nam a22003015a 4500
005 20150817153701.0
008 150813s2003 nyua|||fr|||| 001 0 eng d
010 _a2002282957
020 _a0471107875
020 _a9780471107873
040 _aEG-ScBUE
_beng
_cEG-ScBUE
082 0 4 _a330.015195
_bASH
_222
100 1 _aAshenfelter, Orley,
245 1 0 _aStatistics and econometrics :
_bmethods and applications /
_cOrley Ashenfelter, Phillip B. Levine, David J. Zimmerman.
260 _aNew York :
_bJohn Wiley & Sons,
_cc.2003.
300 _axix, 300 p. :
_bill. ;
_c24 cm.
500 _aIndex : p. 293-300.
590 _adoaa mohamed
650 0 _aSocial sciences
_xStatistics.
_2BUEsh
650 0 _aEconometrics.
_2BUEsh
651 _2BUEsh
653 _bBUSECO
_cAugust2015
700 1 _aLevine, Phillip B.
700 1 _aZimmerman, David J.
_q(David John)
856 4 2 _3Publisher description
_uhttp://www.loc.gov/catdir/description/wiley039/2002282957.html
856 4 2 _3Table of contents
_uhttp://www.loc.gov/catdir/toc/wiley023/2002282957.html
942 _cBB
_2ddc
999 _c7640
_d1292